Responses for show #7768 - Wednesday, May 23, 2018

Josh Hill game 6.

Contestants

[<< previous game]

Tara Yack, a structural engineer from Denver, Colorado

Luke Devlin, a strategic communications associate from Bronxville, New York

Josh Hill, a network engineer from North Little Rock, Arkansas (whose 5-day cash winnings total $117,319)

[next game >>]

Jeopardy! Round responses

TAKE THE CATEGORY IN ORDER
(Alex: Because each correct response as we work down the category will help you with the next clue.)
IN GENERAL
YOU'LL UNDERSTAND IT BETTER
AS YOU GO DOWN
IT WILL SERVE YOU WELL!
TRUST US!
    $200 1
pep

Josh
    $200 2
his wife

Luke
    $200 9
mi casa es su casa

Josh
    $200 3
(Luke: What is Sparta?)
(Tara: What is Troy?)

Athens

LukeTara
Triple Stumper
    $200 5
the butler did it

Triple Stumper
    $200 6
the Force

Tara
    $400 4
a pepper grinder (or pepper mill)

Josh
    $400 11
(Luke: [Exhales] Oh.)

(Madeleine) Albright

JoshLuke
    $400 10
Gesundheit

Josh
    $400 12
(Josh: Who is Villa?)

Leon Trotsky

Josh
Triple Stumper
    $400 13
Dr. Jekyll

Josh
    $400 7
(Luke: Who is Dustin Hoffman?)

Robert De Niro

Luke
Triple Stumper
    $600 15
Miller High Life

Luke
    $600 14
Methodist and Christian

Luke
    $1,000 19
(Alex: And we have less than a minute to go now.)

love conquers all

Luke
    $600 16
The Tempest

Luke
    $600 8
Hoosiers

Josh
    $800 21
obtuse

Luke
    $800 20
cordon bleu

Josh
    $800 17
(Tara: What is The Jewel of the Nile?)
(Josh: What is Pink Panther?)

The Moonstone

JoshTara
Triple Stumper
    $800 23
Assassin's Creed

Luke
    $1000 22
BP

Tara
    $1000 24
basta

Luke
    $1000 18
the admirable Crichton

Triple Stumper
    $1000 25
[The end-of-round signal sounds.]

Robin Williams

Luke

Scores at the first commercial break (after clue 15):

Josh Luke Tara
$2,200 $400 $0

Scores at the end of the Jeopardy! Round:

Josh Luke Tara
$2,200 $5,600 $200

Double Jeopardy! Round responses

GIVE US THE BIRD
HISTORICAL FICTION
DIMES
BAND MATH
PLANET OF THE CAPES
MIND YOUR "P"s & "Q"s
(Alex: Each correct response will begin with a "P" or a "Q", but not necessarily in that order.)
    $400 9
an ostrich

Tara
    $400 8
John Brown

Triple Stumper
    $400 4
silver

Luke
    $400 2
(Alex: 40 minus 2.)

38

Luke
    $400 14
the Kennedy Space Center

Josh
    $400 1
(Josh: What is a quill? ...What is [*]?)
(Alex: All right, we'll accept it. Remember, there are two. Two things coming up in each correct response.)

a quill or pen

Josh
    $800 10
pigeons

Tara
    $800 17
(Josh: What is the Civil War?)

World War II

Josh
Triple Stumper
    $800 19
(Tara: What are flags?)

stars

LukeTara
    $800 3
(Alex: 9 and 21.)

30

Josh
    $800 15
Baja California

Josh
    $800 22
a pop quiz

Tara
    $1200 11
(Josh: What are flamingoes?)

egrets

JoshTara
    $1200 18
Lindbergh

Josh
    $1200 26
(Alex: Less than a minute to go now.)

(Gilbert) Stuart

Josh
    $3,000 5
(Alex: 4 times 4.)

16

Luke
    $1200 16
gray nose

Luke
    $1200 23
a patchwork quilt

Tara
    $1600 12
a cuckoo

Tara
    $1600 28
King John

Triple Stumper
    $4,800 27
Franklin Delano Roosevelt

Josh
    $1600 6
(Alex: 5 times 5 is [*].)

25

Triple Stumper
    $1600 20
Nova Scotia

Josh
    $1600 24
a printing queue

Josh
    $2000 13
(Josh: What is throater?)

sapsucker

Josh
Triple Stumper
    $2000 29
Spain

Josh
    $2000 30
the Mercury dime

Triple Stumper
    $2000 7
(Alex: 41 times 5.)

205

Josh
    $2000 21
Dakar

Josh
    $2000 25
quantum physics

Luke

Scores at the end of the Double Jeopardy! Round:

Josh Luke Tara
$17,000 $13,400 $5,400

[wagering suggestions for these scores]

Final Jeopardy! Round responses

GREEK MYTHOLOGY
TaraWho are Bert & Ernie
$0
LukeWho are Casper and Pollux?
$13,300
JoshWho are Phobos and Deimos
$9,801
Phobos and Deimos

Final scores:

Josh Luke Tara
$26,801 $100 $5,400
6-day champion: $144,120 3rd place: $1,000 2nd place: $2,000

Game dynamics:

Coryat scores:

Josh Luke Tara
$13,800 $11,200 $5,400
20 R
(including 1 DD),
5 W
15 R
(including 2 DDs),
3 W
8 R,
3 W

Combined Coryat: $30,400

The J! Archive is created by fans, for fans. The Jeopardy! game show and all elements thereof, including but not limited to copyright and trademark thereto, are the property of Jeopardy Productions, Inc. and are protected under law. This website is not affiliated with, sponsored by, or operated by Jeopardy Productions, Inc. Join the discussion at JBoard.tv.